000 00491nam a2200157Ia 4500
008 240729s9999 xx 000 0 und d
022 _a2587-0963
245 0 _aInternational Journal of Automotive Science and Technology
260 _aTürkiye
260 _bTurkish Society of Automotive Engineers
650 _a Motor vehicles. Aeronautics. Astronautics
650 _aTechnology
856 _uhttps://doaj.org/toc/a04b55c4999d49b1b139c37f9f7a707d
942 _2ddc
942 _cDOAJEJ
999 _c68560
_d68560
945 _a1
_bMadushi Gamage
_c1
_dMadushi Gamage